00932 2200337 4500001002100000005001500021007000300036008004100039020002200080035002000102040001700122041000800139082001000147084001600157090002000173100003000193245006700223250001200290264003900302300003900341336002100380337003000401338002300431500004600454504001600500650001400516850001000530990001800540990001800558990001800576INLIS00000000000564120260501072223ta260501 0  a978-979-691-451-7 a0010-0222000731 aSBPUPADbInd aInd a332.1 a332.1 RAM t a332.6 TJI p 9-30 aRamlan GintingePengarang1 aTransaksi Bisnis Dan Perbankan Internasional /cRamlan Ginting a.-cet.1 a.--Jakarta :bSalemba Empat,c2007 axiv, 262 hal. :bilus. ;c17x24 cm 2rdacontentaTeks 2rdamediaaTanpa Perantara 2rdacarrieraVolume aIndeks, hlm 254, Biodata Penulis, hlm 261 aBibliografi 4aPerbankan aPUPAD a13461/BR/2010 a13462/BR/2010 a13463/BR/2010